logo

Bir Sreshtho Munshi Abdur Rouf Library
Jhenaidah Cadet College

বঙ্গবন্ধু হত্যা মামলার ঐতিহাসিক রায় / (Record no. 12065)

MARC details
000 -LEADER
fixed length control field 00850nam a2200241 a 4500
001 - CONTROL NUMBER
JCCL Control Number 12065
003 - CONTROL NUMBER IDENTIFIER
JCCL marc code BD-JhCC
005 - DATE AND TIME OF LATEST TRANSACTION
control field 20210310110538.0
008 - FIXED-LENGTH DATA ELEMENTS--GENERAL INFORMATION
fixed length control field 201118b20102015bg |||| ||a| 000 0 mul d
020 ## - INTERNATIONAL STANDARD BOOK NUMBER
International Standard Book Number 9847013304004
035 ## - SYSTEM CONTROL NUMBER
system control number (BD-JhCC)12065
040 ## - CATALOGING SOURCE
Original cataloging agency BD-JhCC
Modifying agency BD-JhCC
041 ## - LANGUAGE CODE
Language code of Book mul
082 ## - DEWEY DECIMAL CLASSIFICATION NUMBER
Classification number 340.92
Author mark and Year BAN 2015
245 ## - TITLE STATEMENT
Title বঙ্গবন্ধু হত্যা মামলার ঐতিহাসিক রায় /
Statement of responsibility, etc সম্পাঃ রবীন্দ্রনাথ ত্রিবেদী ।
260 ## - PUBLICATION, DISTRIBUTION, ETC. (IMPRINT)
Place of publication, distribution, etc ঢাকা:
Name of publisher, distributor, etc কাকলী প্রকাশনী;
Date of publication, distribution, etc ২০১৫.
300 ## - PHYSICAL DESCRIPTION
Pagination 559 p. :
Dimensions 22 cm.
600 ## - SUBJECT ADDED ENTRY--PERSONAL NAME
Personal name Baṅgabandhu Mujibara Rahamāna
650 ## - SUBJECT ADDED ENTRY--TOPICAL TERM
Topical term or geographic name as entry element Bangladesh
Geographic subdivision Law
700 ## - ADDED ENTRY--PERSONAL NAME
Personal name ত্রিবেদী,রবীন্দ্রনাথ
942 ## - ADDED ENTRY ELEMENTS (KOHA)
Source of classification or shelving scheme Dewey Decimal Classification
Koha item type Books
Holdings
Source of classification or shelving scheme Damaged status Not for loan Home library Current library Shelving location Date of accession Source of acquisition Cost, normal purchase price Total Checkouts Full call number Barcode Date last seen Copy number Koha item type
Dewey Decimal Classification     JCC Rouf Library JCC Rouf Library General Stacks 03/10/2021 Lt. Gen. Mahfuzur Rahman (10th intake) 600.00   340.92 BAN 2015 16393 03/10/2021 C-1 Books

JCC Library | Contacts | JCC Home

Last Update on 23 September 2017
Copyright @ 2017-2020 JCC Rouf Library
Rouf Library, Jhenidah Cadet College (JCC), Bangladesh